LEADER 01352nam a2200289 i 4500 001 991003083069707536 008 071203s2001 it c b 111 0 ita d 020 $a8849500459 035 $ab13626759-39ule_inst 040 $aDip.to Studi Giuridici$bita 110 2 $aAccademia romanistica costantiniana$0240708 245 10$aAtti dell'Accademia romanistica costantiniana :$bXIII. Convegno internazionale in memoria di André Chastagnol /$c[a cura di G. Crifò, S. Giglio] 260 $aNapoli :$bEdizioni scientifiche italiane,$c2001 300 $a861 p. :$bport. ;$c24 cm 440 0$aPubblicazioni della Facoltà di giurisprudenza / Università di Perugia ; [poi] Università degli studi di Perugia 504 $aInclude riferimenti bibliografici e indice 600 14$aChastagnol, André 650 04$aDiritto romano$vCongressi 700 1 $aCrifò, Giuliano,$d1934- 700 1 $aGiglio, Stefano 711 2 $aConvegno internazionale dell'Accademia romanistica Costantiniana$n<13 :$d2001 :$cPerugia> 907 $a.b13626759$b02-04-14$c03-12-07 912 $a991003083069707536 945 $aLE027 R-XXII 1 (xiii)$g1$i2027000137725$lle027$o-$pE56.81$q-$rl$s- $t0$u0$v0$w0$x0$y.i14624825$z03-12-07 996 $aAtti dell'Accademia romanistica costantiniana$9243398 997 $aUNISALENTO 998 $ale027$b03-12-07$cm$da $e-$fita$git $h0$i0 LEADER 01026nam a2200277 i 4500 001 991001290909707536 008 970308s1949 cn |00 0 eng d 035 $ab1020006x-39ule_inst 040 $aDip.to Fisica$bita 084 $a510.53 084 $a515'.63 084 $aQA433 084 $aAMS 53A45 100 1 $aSynge, John Lighton$0463412 245 10$aTensor calculus /$cJ.L. Synge and A. Schild 260 $aToronto :$bUniversity of Toronto Press,$c1949 300 $aix, 324 p. :$bill. ;$c23 cm 650 4$aCalculus of tensors 700 1 $aSchild, A. 907 $a.b1020006x$b21-10-15$c27-06-02 912 $a991001290909707536 945 $aLE006 510.50/510.53 SYN$g1$i2006000022750$lle006$o-$pE0.00$q-$rl$s- $t0$u0$v0$w0$x0$y.i10247245$z27-06-02 945 $aLE013 Fondo Cattaneo 53A SYN11 (1949)$g1$i2013000226583$lle013$og$pE15.46$q-$rn$s- $t1$u0$v0$w0$x0$y.i15682705$z23-06-15 996 $aTensor calculus$9190831 997 $aUNISALENTO 998 $ale006$ale013$b01-01-97$cm$da $e-$feng$gcn $h0$i1